Switching and routing essentials v6 : (رقم التسجيلة. 79634)

تفاصيل مارك
000 -الفاتح
حقل البيانات ثابتة الطول 01295cam a22003254a 4500
001 - رقم الضبط
رقم الضبط 12540114
003 - محدد رقم الضبط
رقم الضبط OSt
005 - وقت وتاريخ اخر تعامل مع التسجيلة
رقم الضبط 20220214101546.0
008 - عناصر البيانات ثابتة الطول - معلومات عامة
حقل البيانات ثابتة الطول 010920s2017 nyuab 001 0 eng
010 ## - رقم ضبط مكتبة الكونجرس
رقم ضبط مكتبة الكونجرس 2001046810
020 ## - الرقم الدولى المعيارى للكتب
الرقم الدولى المعيارى للكتاب 9781587134289
040 ## - مصدر الفهرسة
وكالة الفهرسة الأصلية DLC
وكالة النسخ DLC
وكالة التعديل DLC
042 ## - رمز التحقق
رمز التحقق pcc
050 00 - رقم طلب مكتبة الكونجرس
رقم التصنيف TK5105.543
رقم المادة .T48 2002
082 00 - رقم تصنيف ديوى العشرى
رقم التصنيف 004.6
رقم الطبعة 21
رقم المادة ROS
110 ## - المدخل الرئيسى - إسم هيئة
رمز الرابط Cisco netwrking Academy.
245 10 - بيان العنوان
العنوان Switching and routing essentials v6 :
بقية العنوان Companion Guide ,
بيان المسئوليه,etc Cisco netwrking Academy.
260 ## - PUBLICATION, DISTRIBUTION, ETC. (IMPRINT)
مكان الناشر او الموزع New York :
اسم الناشر او الموزع Cisco Press,
تاريخ النشر أو التوزيع c2017.
300 ## - الوصف المادى
التعداد ix, 605 p. :
تفاصيل ماديه اخرى للوعاء ill., map ;
أبعاد الوعاء 24 cm.
500 ## - تبصرة عامة
تبصرة عامة Includes index.
650 #0 - المدخل الاضافى بالموضوع-مصطلح موضوعى
مصطلح موضوعي أو اسم جغرافي كعنصر مدخل Routers (Computer networks)
9 (RLIN) 39716
650 #0 - المدخل الاضافى بالموضوع-مصطلح موضوعى
مصطلح موضوعي أو اسم جغرافي كعنصر مدخل Telecommunication
التقسيم الفرعي العام Switching systems.
9 (RLIN) 7964
650 #0 - المدخل الاضافى بالموضوع-مصطلح موضوعى
مصطلح موضوعي أو اسم جغرافي كعنصر مدخل Computer network protocols.
9 (RLIN) 37969
856 42 - الوصول و الموقع الالكترونى
مواد محددة Contributor biographical information
معرف المصدر الموحد <a href="http://www.loc.gov/catdir/bios/wiley043/2001046810.html">http://www.loc.gov/catdir/bios/wiley043/2001046810.html</a>
856 42 - الوصول و الموقع الالكترونى
مواد محددة Publisher description
معرف المصدر الموحد <a href="http://www.loc.gov/catdir/description/wiley036/2001046810.html">http://www.loc.gov/catdir/description/wiley036/2001046810.html</a>
856 41 - الوصول و الموقع الالكترونى
مواد محددة Table of contents
معرف المصدر الموحد <a href="http://www.loc.gov/catdir/toc/wiley021/2001046810.html">http://www.loc.gov/catdir/toc/wiley021/2001046810.html</a>
906 ## - عنصر بيانات محلى F, LDF (RLIN)
a 7
b cbc
c orignew
d 1
e ocip
f 20
g y-gencatlg
942 ## - عناصر المدخل الإضافي( كوها)
مصدر التصنيف او مخطط الترفيف Dewey Decimal Classification
Koha [default] item type كتاب
المقتنيات
حالة الفقد نموذج السعر الفعال حالة تلف ليس للاعارة رقم الطلب تاريخ الاكتساب الموقع الحالي الباركود الفرع الرئيسي Date last seen نوع المادة فى نظام كوها مصدر التصنيف او خطة الترفيف Total Checkouts
  2022-02-14     004.6 ROS 2022-02-14 المكتبة المركزية بالمجمعة (CL) 00168613 المكتبة المركزية بالمجمعة (CL) 2022-02-14 كتاب Dewey Decimal Classification  
  2022-02-14     004.6 ROS 2022-02-14 المكتبة المركزية بالمجمعة (CL) 00168614 المكتبة المركزية بالمجمعة (CL) 2022-02-14 كتاب Dewey Decimal Classification  
  2022-02-14     004.6 ROS 2022-02-14 المكتبة المركزية بالمجمعة (CL) 00168615 المكتبة المركزية بالمجمعة (CL) 2022-02-14 كتاب Dewey Decimal Classification  
  2022-02-14     004.6 ROS 2022-02-14 مكتبة مجمع الكليات بالزلفى - طلاب (SZM) 00168616 مكتبة مجمع الكليات بالزلفى - طلاب (SZM) 2022-02-14 كتاب Dewey Decimal Classification  
  2022-02-14     004.6 ROS 2022-02-14 مكتبة مجمع الكليات بالزلفى - طلاب (SZM) 00168617 مكتبة مجمع الكليات بالزلفى - طلاب (SZM) 2022-02-14 كتاب Dewey Decimal Classification